| 000 | 00822nab a2200265 4500 | ||
|---|---|---|---|
| 003 | BR-BrBNA | ||
| 005 | 20241213223415.0 | ||
| 008 | 241213b bl.||||| |||| 00| 0 por d | ||
| 040 |
_aBR-BrBNA _bpor |
||
| 072 | _aP10 ; F06 ; A50 | ||
| 100 | _aVieira, Rodrigo Franco | ||
| 245 | _aRelação desperdício água tratada x irrigação | ||
| 500 | _a1 illus.; 5 tables; 2 graphs | ||
| 650 | _aTRATAMENTO DA ÁGUA | ||
| 650 | _aIRRIGAÇÃO | ||
| 650 | _aDESPERDÍCIO | ||
| 650 | _aABASTECIMENTO DE ÁGUA | ||
| 650 | _aMANEJO DA ÁGUA | ||
| 650 | _aUSO SUSTENTÁVEL DA ÁGUA | ||
| 650 | _aPESQUISA | ||
| 650 | _aEXTENSÃO | ||
| 773 | 0 |
_04820 _9344754 _dVotuporanga/SP IRRIGAZINE 2009 _o2024-5083 _tIrrigazine (Brazil) _gv. 10(40) p. 30-33; (Mar 2015) _wBR2024003940 |
|
| 942 | _cANA | ||
| 999 |
_c329263 _d329263 |
||